La ética de Platón /
שמור ב:
| מחבר ראשי: | |
|---|---|
| פורמט: | ספר |
| שפה: | ספרדית |
| יצא לאור: |
México :
UNAM, Instituto de Investigaciones Filosóficas,
2000, c2000
|
| סדרה: | (Estudios Clásicos)
|
| נושאים: | |
| תגים: |
אין תגיות, היה/י הראשונ/ה לתייג את הרשומה!
|
MARC
| LEADER | 00000nam^a2200000^a^4500 | ||
|---|---|---|---|
| 001 | 000162752 | ||
| 005 | 20250521000000.0 | ||
| 009 | 20260310100843.469 | ||
| 020 | |a 968-36-8388-6 | ||
| 037 | |a Acervo ITESO - Biblioteca | ||
| 041 | |a ESP | ||
| 082 | |a 184. |b PLA EST IRW | ||
| 100 | |a Irwin, Terence |e (autor) | ||
| 245 | 1 | 3 | |a La ética de Platón / |c T. Irwin ; tr. por Ana Isabel Stellino. |
| 264 | 4 | |a México : |b UNAM, Instituto de Investigaciones Filosóficas, |c 2000, c2000 | |
| 300 | |a 639 p. | ||
| 336 | |a texto |b txt |2 rdacontenido | ||
| 337 | |a sin mediación |b n |2 rdamedio | ||
| 338 | |a volumen |b nc |2 rdasoporte | ||
| 440 | 1 | |a (Estudios Clásicos) | |
| 500 | |a Traducción de: Plato's Ethics | ||
| 545 | 0 | |a Platón (427-347 a.C.), filósofo griego nacido en Atenas. En el año 387 a.C. fundó en su ciudad natal la Academia, considerada la primera escuela docente de filosofía. Su pensamiento se recoge en los aproximadamente 30 diálogos y cartas que escribió, los cuales se clasifican en cuatro etapas: de la juventud o influjo socrático, de la transición, de la madurez y de la vejez. Su pensamiento plantea la aspiración del hombre por el conocimiento, el bien, la armonía con la ciudad y su relación con lo divino; en consecuencia sus diálogos abordan principalmente temáticas de epistemología, ética, estética, cosmología, educación y política. | |
| 649 | |a XX | ||
| 650 | |a Virtudes | ||
| 650 | |a Etica - |x Teoría - |x Tema Principal | ||
| 650 | |a Diálogos Griegos - |x Historia y Crítica | ||
| 650 | |a Literatura Griega - |x Historia y Crítica | ||
| 650 | |a Literatura Clásica - |x Historia y Crítica | ||
| 650 | |a Escuela Platónica (Academia) - |x Historia y Crítica - |x Tema Principal | ||
| 650 | |a Socráticos - |x Historia y Crítica | ||
| 650 | |a Filosofía Griega - |x Historia y Crítica | ||
| 650 | |a Filosofía Clásica - |x Historia y Crítica | ||
| 650 | |a Platón - |x Tema Principal | ||
| 910 | |a Fondo General | ||
| 920 | |a Impresos - Libros | ||
| 930 | |a Colección General | ||
| 905 | |a 101 | ||
| 901 | |a 0500095425 |b IT1 |c ACC |u 20250521 | ||
| 902 | |a https://opac.biblio.iteso.mx/vufind/Record/000162752 | ||